The architecture of computer hardware and systems software: An information technology approach

Spremljeno u:
Bibliografski detalji
Glavni autor: Irv Englander
Format: Knjiga
Jezik:Undetermined
Izdano: Hoboken, NJ John Wiley and Sons 2003
Teme:
Oznake: Dodaj oznaku
Bez oznaka, Budi prvi tko označuje ovaj zapis!
Thư viện lưu trữ: Trung tâm Học liệu Trường Đại học Cần Thơ
LEADER 00522nam a2200169Ia 4500
001 CTU_56350
008 210402s9999 xx 000 0 und d
082 |a 004.2'2 
082 |b E58 
100 |a Irv Englander 
245 4 |a The architecture of computer hardware and systems software: An information technology approach 
245 0 |c Irv Englander 
260 |a Hoboken, NJ 
260 |b John Wiley and Sons 
260 |c 2003 
650 |a computer architecture 
980 |a Trung tâm Học liệu Trường Đại học Cần Thơ